| 000 | 01207nam a2200337 i 4500 | ||
|---|---|---|---|
| 001 | 768714001 | ||
| 003 | CO-MdFUSB | ||
| 005 | 20210927151235.0 | ||
| 007 | ta | ||
| 008 | 210728t1994 su |||| |||| 00| 0 spa d | ||
| 020 | _a9960672484 | ||
| 040 |
_aCO-MdFUSB _bspa _cCO-MdFUSB _dCO-MdFUSBC _erda |
||
| 041 | _aspa | ||
| 082 |
_223 _a297.54 _bAB136 |
||
| 100 |
_aAbdullah Ibn Baz, Abdulaziz Ibn _eautor |
||
| 245 |
_aDos breves tratados sobre el Zakat y el ayuno _c/ Abdulaziz Ibn Abdullah Ibn Baz ; traducido por A. Maher Safi , A. Laraki. |
||
| 264 | 1 |
_aArabia Saudita : _bInternational Islam Publishing House, _c[1994] |
|
| 264 | 4 | _c© 1994 | |
| 300 |
_a27 páginas _c; 22 cm |
||
| 336 |
_2rdacontent _atexto _btxt |
||
| 337 |
_2rdamedia _aotro _bn |
||
| 338 |
_2rdacarrier _avolumen _bnc |
||
| 505 | _aBreve ensayo sobre el Zakat. -- Sobre las virtudes del ayuno y la vigilia durante el mes de Ramadán, junto a la explicación de algunas importantes normas habitualmente poco conocidas. | ||
| 563 | _aRústico | ||
| 653 | _aAyuno | ||
| 653 | _aIslamismo | ||
| 700 |
_95425 _aSafi, Maher A. _etraductor |
||
| 700 |
_95426 _aLaraki, Abdellatif _etraductor |
||
| 942 | _cBK | ||
| 945 | _aJTF-925 | ||
| 999 |
_c66788 _d66788 |
||